| 000 | 00597nam a2200217Ia 4500 | ||
|---|---|---|---|
| 003 | OSt | ||
| 005 | 20220918105616.0 | ||
| 006 | a|||||r|||| 00| 0 | ||
| 007 | ta | ||
| 008 | 220915b |||||||| |||| 00| 0 eng d | ||
| 024 | _a35874 | ||
| 037 | _cReference Collections | ||
| 040 |
_aARTS _cARTS _beng |
||
| 041 |
_2eng _aeng |
||
| 082 | _aO111973g, M6(RR) | ||
| 245 | 0 | _aAmerican literature ed by Jack Salzam | |
| 260 |
_aCambridge _bCUP _c1986 |
||
| 650 |
_aAMERICAN LITERATURE _92647 |
||
| 942 |
_hO111973g, M6(RR) _cREF |
||
| 999 |
_c108446 _d108446 |
||